|
|
|
|
| LEADER |
00000nam0a2200000 4500 |
| 001 |
22976 |
| 005 |
20231101205524.0 |
| 010 |
|
|
|a 5060037444
|
| 035 |
|
|
|a (RuTPU)RU\TPU\book\23191
|
| 035 |
|
|
|a BOOK00023263
|
| 090 |
|
|
|a 22976
|
| 100 |
|
|
|a 20011209d2000 m y0rusy50 ca
|
| 101 |
0 |
|
|a lat
|a rus
|
| 102 |
|
|
|a RU
|
| 105 |
|
|
|a y j 001zy
|
| 200 |
1 |
|
|a Латинский язык
|e учебник для вузов
|f В. Н. Ярхо, Н. Л. Кацман, И. А. Лифшиц и др.
|g Под ред. В. Н. Ярхо, В. И. Лободы
|
| 205 |
|
|
|a 6-е изд., стереотип.
|
| 210 |
|
|
|a Москва
|c Высшая школа
|d 2000
|
| 215 |
|
|
|a 384 с.
|
| 451 |
|
1 |
|0 (RuTPU)RU\TPU\book\156030
|y 5-06-004216-2
|t Латинский язык
|o учебник для вузов
|f В. Н. Ярхо, Н. Л. Кацман, И. А. Лифшиц и др.
|g Под ред. В. Н. Ярхо, В. И. Лободы
|e 7-е изд., стереотип.
|c Москва
|n Высшая школа
|d 2002
|p 384 с.
|
| 451 |
|
1 |
|0 (RuTPU)RU\TPU\book\11935
|y 5060034739
|t Латинский язык
|o учебник для студентов педагогических вузов
|f Под ред. В. Н. Ярхо, В. И. Лободы
|e 5-е изд., стер.
|c Москва
|n Высшая школа
|d 1998
|p 384 с.
|
| 606 |
1 |
|
|a Латинский язык
|2 stltpush
|3 (RuTPU)RU\TPU\subj\39876
|9 59775
|
| 610 |
1 |
|
|a учебные пособия
|
| 610 |
1 |
|
|a история
|
| 610 |
1 |
|
|a грамматика
|
| 686 |
|
|
|a Ш146-923
|v LBC/SL-A
|2 rubbk
|
| 701 |
|
1 |
|a Ярхо
|b В. Н.
|g Виктор Ноевич
|
| 701 |
|
1 |
|a Кацман
|b Н. Л.
|g Нина Лазаревна
|
| 701 |
|
1 |
|a Лифшиц
|b И. А.
|g Ида Ароновна
|
| 701 |
|
1 |
|a Савукова
|b В. Д.
|g Валентина Дмитриевна
|
| 701 |
|
1 |
|a Соколова
|b Т. М.
|g Татьяна Михайловна
|
| 701 |
|
1 |
|a Каган
|b Ю. М.
|g Юдифь Матвеевна
|
| 701 |
|
1 |
|a Ходорковская
|b Б. Б.
|g Беатриса Борисовна
|
| 701 |
|
1 |
|a Шопина
|b Н. Р.
|g Нина Родионовна
|
| 702 |
|
1 |
|a Лобода
|b В. И.
|4 340
|
| 702 |
|
1 |
|a Ярхо
|b В. Н.
|g Виктор Ноевич
|4 340
|
| 801 |
|
0 |
|a RU
|b 63413507
|c 20011209
|g PSBO
|
| 801 |
|
2 |
|a RU
|b 63413507
|c 20161028
|g PSBO
|
| 942 |
|
|
|c BK
|